[Event "Recco op-B 4th"]
[Site "Recco"]
[Date "2010.11.26"]
[Round "1"]
[White "Pieri, Enzo"]
[Black "Chiappini, Massimo"]
[Result "1-0"]
[WhiteElo "1740"]
[BlackElo "1434"]
[PlyCount "95"]
[EventDate "2010.11.26"]
[EventType "swiss"]
[EventRounds "5"]
[EventCountry "ITA"]
[SourceTitle "EXT 2023"]
[Source "ChessBase"]
[SourceDate "2022.10.05"]
[SourceVersion "1"]
[SourceVersionDate "2022.10.05"]
[SourceQuality "1"]

1. d4 d5 2. Nf3 Nf6 3. e3 Bg4 4. Be2 Nc6 5. Nbd2 e6 6. 0-0 Bd6 7. c4 Bb4 8. a3 Bxd2 9. Nxd2 Bxe2 10. Qxe2 e5 11. b4 e4 12. cxd5 Qxd5 13. Bb2 0-0-0 14. Rac1 h5 15. Rc5 Qd6 16. Nc4 Qe7 17. b5 Nb8 18. b6 Nc6 19. bxc7 Qxc7 20. Ne5 Ng4 21. Nxg4 hxg4 22. Qxg4+ Kb8 23. Qg3 Qxg3 24. fxg3 f6 25. Rf4 Rde8 26. h3 Nd8 27. d5 Nf7 28. Bd4 Nd6 29. g4 b6 30. Rc6 Nb5 31. Bxb6 Rc8 32. Bc5 Rxc6 33. dxc6 Re8 34. a4 Nc7 35. Rf1 Nd5 36. Rb1+ Kc7 37. Bxa7 Kxc6 38. a5 Ra8 39. Bb6 Nxb6 40. axb6 Kb7 41. Kf2 g6 42. Rb4 Re8 43. Kg3 Re5 44. h4 f5 45. g5 Re6 46. Kf4 Rc6 47. g4 fxg4 48. Kxg4 1-0

[Event "Arco op 31st"]
[Site "Arco"]
[Date "2009.10.24"]
[Round "8"]
[White "Pieri, Enzo"]
[Black "Antoniacci, Ricardo"]
[Result "0-1"]
[WhiteElo "1812"]
[BlackElo "1895"]
[PlyCount "66"]
[EventDate "2009.10.17"]
[EventType "swiss"]
[EventRounds "9"]
[EventCountry "ITA"]
[SourceTitle "EXT 2010"]
[Source "ChessBase"]
[SourceDate "2010.11.25"]
[SourceVersion "1"]
[SourceVersionDate "2010.11.25"]
[SourceQuality "1"]

1. d4 Nf6 2. Nf3 d5 3. e3 Nbd7 4. Bd3 e6 5. 0-0 Bd6 6. Nbd2 c5 7. c3 0-0 8. Re1 b6 9. dxc5 Nxc5 10. Bb1 Ba6 11. Nb3 Nce4 12. Nbd4 Qd7 13. Bd3 Bxd3 14. Qxd3 a6 15. Nd2 Bc7 16. Nxe4 dxe4 17. Qc2 Qd6 18. f4 g6 19. Qf2 Ng4 20. Qg3 f5 21. h3 Nf6 22. b3 Kf7 23. Bb2 Nh5 24. Qf2 e5 25. Ne2 exf4 26. Rad1 fxe3 27. Qxe3 Qh2+ 28. Kf2 Rad8 29. c4 Nf4 30. Nxf4 Bxf4 31. Qc3 e3+ 32. Rxe3 Bxe3+ 33. Kxe3 Qg3+ 0-1

[Event "Arco op 31st"]
[Site "Arco"]
[Date "2009.10.20"]
[Round "5"]
[White "Arko Dadzie, George Kweku"]
[Black "Pieri, Enzo"]
[Result "0-1"]
[WhiteElo "1440"]
[BlackElo "1812"]
[PlyCount "94"]
[EventDate "2009.10.17"]
[EventType "swiss"]
[EventRounds "9"]
[EventCountry "ITA"]
[SourceTitle "EXT 2010"]
[Source "ChessBase"]
[SourceDate "2010.11.25"]
[SourceVersion "1"]
[SourceVersionDate "2010.11.25"]
[SourceQuality "1"]

1. d4 d5 2. c4 c6 3. Nf3 Nf6 4. Bg5 Ne4 5. Nc3 Nxg5 6. Nxg5 e5 7. Nf3 e4 8. Nd2 e3 9. fxe3 Bb4 10. cxd5 Bxc3 11. bxc3 Qxd5 12. Qb3 Qg5 13. c4 0-0 14. Nf3 Qe7 15. g3 Re8 16. Kd2 Nd7 17. h4 Nf6 18. Ne5 Ne4+ 19. Kc1 f6 20. Nf3 Nxg3 21. Rg1 Nxf1 22. Rxf1 Bh3 23. Rf2 Qxe3+ 24. Qxe3 Rxe3 25. Kd2 Rae8 26. Rb1 b6 27. Rb3 R3e4 28. e3 Bg4 29. Ne1 h5 30. Nc2 R8e7 31. Ra3 Be6 32. Nb4 Bxc4 33. Nxc6 Rc7 34. Nb4 a5 35. Rc3 axb4 36. Rxc4 Rxc4 37. Kd3 Rcxd4+ 38. exd4 Rxh4 39. d5 Rh3+ 40. Kc4 Rc3+ 41. Kxb4 Rd3 42. Kc4 Rd1 43. Rb2 h4 44. Rxb6 h3 45. d6 h2 46. Rb8+ Kf7 47. Rb7+ Ke6 0-1

[Event "Arco op 31st"]
[Site "Arco"]
[Date "2009.10.20"]
[Round "4"]
[White "Pieri, Enzo"]
[Black "Parrini, Daniele"]
[Result "0-1"]
[WhiteElo "1812"]
[BlackElo "2022"]
[PlyCount "28"]
[EventDate "2009.10.17"]
[EventType "swiss"]
[EventRounds "9"]
[EventCountry "ITA"]
[SourceTitle "EXT 2010"]
[Source "ChessBase"]
[SourceDate "2010.11.25"]
[SourceVersion "1"]
[SourceVersionDate "2010.11.25"]
[SourceQuality "1"]

1. d4 Nf6 2. Nf3 g6 3. e3 Bg7 4. Nbd2 0-0 5. Be2 d6 6. c4 Nbd7 7. 0-0 e5 8. dxe5 dxe5 9. Qc2 Qe7 10. Rb1 Nc5 11. e4 Ncxe4 12. Nxe4 Nxe4 13. Bd3 Nc5 14. Ra1 e4 0-1

[Event "Arco op 31st"]
[Site "Arco"]
[Date "2009.10.19"]
[Round "3"]
[White "Anane Nsiah, Peter"]
[Black "Pieri, Enzo"]
[Result "0-1"]
[WhiteElo "1440"]
[BlackElo "1812"]
[PlyCount "124"]
[EventDate "2009.10.17"]
[EventType "swiss"]
[EventRounds "9"]
[EventCountry "ITA"]
[SourceTitle "EXT 2010"]
[Source "ChessBase"]
[SourceDate "2010.11.25"]
[SourceVersion "1"]
[SourceVersionDate "2010.11.25"]
[SourceQuality "1"]

1. e4 c6 2. d4 d5 3. Nc3 e6 4. Nf3 Nd7 5. Bd3 dxe4 6. Nxe4 Ngf6 7. Bg5 Be7 8. Ng3 h6 9. Bd2 Nb6 10. Qe2 Bd6 11. Ne5 Qe7 12. 0-0 Bd7 13. a4 a5 14. Rfe1 c5 15. dxc5 Bxc5 16. Bg6 0-0 17. Bd3 Bd4 18. c3 Bxe5 19. Qxe5 Qd8 20. Be3 Nbd5 21. Bd4 Qc7 22. Qxc7 Nxc7 23. Bxf6 gxf6 24. Nh5 Ne8 25. Re3 Kh8 26. Rf3 f5 27. Rh3 Rg8 28. f3 Rc8 29. Kf2 e5 30. Ng3 e4 31. fxe4 fxe4 32. Bxe4 Bxh3 33. gxh3 Nd6 34. Bf3 f5 35. Rd1 Rcd8 36. Rd5 Ne4+ 37. Bxe4 fxe4 38. Rxd8 Rxd8 39. Nxe4 Kg7 40. Ke2 Kg6 41. Ng3 Kg5 42. h4+ Kxh4 43. Nf5+ Kg5 44. Nd4 Rd6 45. Nf3+ Kf4 46. Nd4 Ke4 47. Nf3 Rb6 48. b3 Rg6 49. Nd2+ Kf4 50. Kf2 h5 51. Nc4 b6 52. Ne3 Rg5 53. Nc4 b5 54. axb5 Rxb5 55. Nd2 h4 56. c4 Rg5 57. Nf3 Rg4 58. c5 h3 59. Nd4 Rg2+ 60. Kf1 Ke4 61. Ne6 Rb2 62. c6 Ke3 0-1

[Event "Gibraltar Masters 7th"]
[Site "Gibraltar"]
[Date "2009.02.05"]
[Round "10"]
[White "Pieri, Enzo"]
[Black "Escandell Atienza, Santiago"]
[Result "1/2-1/2"]
[WhiteElo "1829"]
[BlackElo "1485"]
[PlyCount "41"]
[EventDate "2009.01.27"]
[EventType "swiss"]
[EventRounds "10"]
[EventCountry "ENG"]
[SourceTitle "CBM 128 Extra"]
[Source "ChessBase"]
[SourceDate "2009.03.05"]
[SourceVersion "2"]
[SourceVersionDate "2009.03.25"]
[SourceQuality "1"]

1. d4 Nf6 2. Nf3 d5 3. e3 c6 4. Bd3 e6 5. 0-0 Nbd7 6. Nbd2 Bd6 7. Re1 0-0 8. e4 dxe4 9. Nxe4 Nxe4 10. Bxe4 Nf6 11. Bg5 h6 12. Bxf6 Qxf6 13. Ne5 Rd8 14. Qh5 c5 15. c3 cxd4 16. cxd4 Bxe5 17. dxe5 Qe7 18. Rac1 Bd7 19. Bxb7 Rab8 20. Qf3 Qb4 21. Ba6 1/2-1/2